00615nam a22002177a 450000500170000001000130001702000230003003500130005303700160006604000120008208200130009410000180010724500370012525000110016226000460017327000470021930000260026650000490029265000320034165000240037320170124105938.0 aA-751444 c125.00a8120309731 aA-751444 bCen Lib/Ret aDPLbEN a515bROY aRoyden, H. L. aReal analysis /cby H. L. Royden a3rd ed a New DelhibPrentice- Hall of Indiac1988 aM-97, Connaught Circusb New Delhie110001 axvii, 44p. c20cm(Hb) aIncludes bibliographical reference and index aFunctions of real variables aFunctional analysis